000 01480nac a2200289 a 4500
003 CO-PeBPM
005 20251222125955.0
008 251222s2007 ck |||| |||| 00| 0 spa d
020 _a9788467024654
040 _aCO-PeBPM
_bspa
_cCO-PeBPM
_erda
041 _aspa
082 0 4 _a158.1 R741au
_222
100 1 _aRojas Marcos, Luis
_eautor
245 1 0 _aLa autoestima : nuestra fuerza secreta
_c/ Luis Rojas Marcos
250 _aCuarta edición
260 _aMadrid
_b : Espasa-Calpe
_c, 2007
300 _a271 páginas
_c22 centimetros
500 _aIncluye índice
500 _aContiene datos biográficos del autor en la solapa del texto
504 _aIncluye referencias bibliográficas al final del texto
520 _aRojas Marcos analiza los factores que determinan la idea de nuestro «yo», como el papel de los genes, la infancia, los valores culturales, el autocontrol, el lado oscuro de la autoestima y el odio a uno mismo, los estados depresivos y de víctima perpetua, así como el impacto de la autoestima sobre las relaciones con otras personas. El autor defiende que el entender las claves de la autoestima es una inversión muy segura, ya que, ¿hay algo más determinante en nuestra vida que cómo nos sentimos con nosotros mismos?
650 1 4 _aAutoestima
_2LEMB
650 1 4 _aEmociones y sentimientos
_2LEMB
650 1 4 _a Personalidad
_2LEMB
942 _2ddc
_cBK
_n0
999 _c107046
_d107046